[Event "SVK-chT2C 1819"]
[Site "Slovakia"]
[Date "2019.03.02"]
[Round "8.6"]
[White "Imre, Tomas"]
[Black "Mydliar, Jan"]
[Result "1/2-1/2"]
[WhiteElo "1886"]
[BlackElo "1815"]
[PlyCount "75"]
[EventDate "2018.10.13"]
[EventType "team-tourn"]
[EventRounds "11"]
[EventCountry "SVK"]
[SourceTitle "CBM 189 Extra"]
[Source "ChessBase"]
[SourceDate "2019.05.31"]
[SourceVersion "1"]
[SourceVersionDate "2019.05.31"]
[SourceQuality "1"]
[WhiteTeam "Vinica"]
[BlackTeam "Ruzomberok Montana"]
[WhiteTeamCountry "SVK"]
[BlackTeamCountry "SVK"]

1. d4 Nf6 2. c4 g6 3. Nc3 d5 4. e3 Bg7 5. Nf3 0-0 6. Be2 c5 7. 0-0 cxd4 8. exd4 dxc4 9. Bxc4 Bg4 10. Be2 Nc6 11. Ne5 Bxe2 12. Nxe2 Rc8 13. Nxc6 Rxc6 14. Be3 Nd5 15. Rc1 Rxc1 16. Qxc1 Qd7 17. Qd2 Rc8 18. Nc3 Nxc3 19. bxc3 Qc6 20. Rc1 Qc4 21. Rb1 b6 22. Rc1 e5 23. dxe5 Bxe5 24. Qd7 Qc7 25. Qxc7 Rxc7 26. Bd2 Rc4 27. h3 f6 28. Kf1 Kf7 29. Ke2 b5 30. Kd3 a6 31. Rc2 f5 32. Rb2 Bd6 33. Be3 Ke6 34. Re2 Kd5 35. f3 Be5 36. Rc2 Bf6 37. Bd2 Be5 38. Be3 1/2-1/2

[Event "SVK-chT2B 1718"]
[Site "Slovakia"]
[Date "2018.01.14"]
[Round "6.7"]
[White "Imre, Tomas"]
[Black "Viczencz, Peter"]
[Result "1/2-1/2"]
[WhiteElo "1899"]
[BlackElo "1825"]
[PlyCount "107"]
[EventDate "2017.10.28"]
[EventType "team-tourn"]
[EventRounds "11"]
[EventCountry "SVK"]
[SourceTitle "EXT 2019"]
[Source "ChessBase"]
[SourceDate "2018.10.10"]
[SourceVersion "1"]
[SourceVersionDate "2018.10.10"]
[SourceQuality "1"]
[WhiteTeam "Levice"]
[BlackTeam "Komarno II"]
[WhiteTeamCountry "SVK"]
[BlackTeamCountry "SVK"]

1. d4 c5 2. d5 d6 3. c4 e6 4. e4 exd5 5. exd5 Nf6 6. Nc3 g6 7. Nf3 Bg7 8. Be2 0-0 9. 0-0 Re8 10. Qc2 a6 11. h3 Bf5 12. Bd3 Bxd3 13. Qxd3 Nbd7 14. Bf4 Qc7 15. Rae1 Rab8 16. b3 b6 17. Qd2 b5 18. Rxe8+ Nxe8 19. Ne4 bxc4 20. bxc4 Rb2 21. Qe3 Ndf6 22. Nxf6+ Nxf6 23. Qa3 Nh5 24. Bc1 Rb6 25. Re1 Nf6 26. Bb2 Qb7 27. Bc3 Rb1 28. Qa5 Ne4 29. Qd8+ Bf8 30. Qa5 Nxc3 31. Qxc3 Qb4 32. Qe3 Rxe1+ 33. Qxe1 Qxc4 34. Qd2 Bg7 35. Kh2 Qc3 36. Qe2 Be5+ 37. g3 Qb2 38. Qe1 Kg7 39. Kg2 c4 40. a4 f6 41. Qa5 Qb7 42. h4 c3 43. Nxe5 fxe5 44. Qxc3 Qxd5+ 45. Kh2 Qc5 46. Qf3 d5 47. g4 Qd4 48. Kh3 Qc4 49. a5 Qc5 50. g5 Qc6 51. Qe3 e4 52. Qa7+ Kg8 53. Qe7 Qb5 54. Qe6+ 1/2-1/2